| 000 | 00626nam a2200169Ia 4500 | ||
|---|---|---|---|
| 003 | 0 | ||
| 005 | 20250214140845.0 | ||
| 008 | 140724s9999 xx 000 0 und d | ||
| 050 |
_aT 58.6 _b.L791 2009 |
||
| 100 | _aLlanto, Bryan Angelo Tanwangco. | ||
| 245 | 4 |
_aThe online team registration of Monarch's Cup Basketball Tournament of Southville International School and Colleges / _cBryan Angelo Tanwangco Llanto. |
|
| 260 |
_aLas PiƱas, Philippines : _bSouthville International School and Colleges, _cc2009. |
||
| 300 |
_a142 p. : _bill. ; _c28 cm. |
||
| 521 | _aInformation Technology | ||
| 942 |
_cTH _2lcc |
||
| 999 |
_c229228 _d229228 |
||